00633cam a22001451 4500082001500000100002500015245010200040260004700142300006600189526003700255650005000292942001200342999001900354952011400373 a940.4bEVA1 aEvans, Roger,94938602aA brief outline of the campaign in Mesopotamia, 1914-1918,cby Major (temp. Lt. Col.) R. Evans... aLondon,bSifton, Praed & co., ltd.,c1926. av, [2], 135 p.b4 fold. maps (in pocket) fold. tablesc23 cm. a0b0c0d940_400000000000000_EVA 0aWorld War, 1914-1918xCampaignszIraq.949387 2ddccBK c552223d552223 00102ddc4070aMCEbMCEcArchive Sectiond2015-01-12l0o940.4 EVApMCE-ECB/463r2015-01-12w2021-03-14yBK